000 00381nam a2200133Ia 4500
008 231129s9999||||xx |||||||||||||| ||spa||
020 _a978-958-46-3119-0
040 _bspa
082 _aCo863 A284v
100 _aAguirre López Adalberto
245 0 _aEl valle de lágrimas
264 _aLitografí­a Prenóbel Dosquebradas
942 _2ddc
_cBKS
999 _c12636
_d12636